00247nam a2200109Ia 4500008004100000100002000041245002000061260002000081650001400101942000700115999001500122190216s9999||||xx |||||||||||||| ||und|| aNesmeganov N Am 0aRadio Chemistry bMir Pubs Moscow aChemistry cBK c2096d2096